{"text_format":"1","workbook":"xlsx","n_sheets":2,"sheets":["Данные","Лист1"],"not_rendered":{"charts":0,"images":0,"macros":1,"external_links":0,"defined_names":4,"comments":0,"pivot_tables":0},"unopened":[],"bounds":{"document_bytes":16777216,"sheet_cells":100000,"rows_first":2000,"rows_last":500,"rows_between":2000,"halvings":0,"cell_chars":16384,"cell_head_chars":4096},"cells_cut":0,"cells_raw":0,"read":"whole","date_system":"1900"}

{"sheet":"Данные","index":0,"n_rows":116,"n_cols":10,"rows_kept":116,"cut":false,"hidden":false,"merged":[[1,0,1,9]]}
[null,null,null,null,null,null,null,null,"Приложение №1"]
["Перечень актуальных и готовых к реализации невостребованных МТР"]
[]
["Наименование лота","Наименование ОГ","№ лота","№ позиции","Наименование неликвидных (НЛ) и невостребованных ликвидных (НВЛ) материалов","Ед. изм","Количество","Мин. цена реализации за ед., руб., без НДС ","Сумма, руб. без НДС","Место нахождения"]
["ЗИП к технологическим печам","ПАО АНК \"Башнефть\" \"Башнефть-Новойл\"",1,1,"Решет.бок.экрана ст.35Х23Н7СЛ ПБ20-10-1","ШТ",4,7391.14,{"$f":"G5*H5","v":29564.560000000001},"450045, г. Уфа, ПАО АНК \"Башнефть\" \"Башнефть-Новойл\""]
["ЗИП к технологическим печам","ПАО АНК \"Башнефть\" \"Башнефть-Новойл\"",1,2,"Решетка верх. стал.35Х23Н7СЛ ПБ20-10-1-3","ШТ",2,48741.54,97483.08,"450045, г. Уфа, ПАО АНК \"Башнефть\" \"Башнефть-Новойл\""]
["ЗИП к технологическим печам","ПАО АНК \"Башнефть\" \"Башнефть-Новойл\"",1,3,"Решетка верх. стал.35Х23Н7СЛ ПБ20-9-2-1","ШТ",1,23971.25,23971.25,"450045, г. Уфа, ПАО АНК \"Башнефть\" \"Башнефть-Новойл\""]
["ЗИП к технологическим печам","ПАО АНК \"Башнефть\" \"Башнефть-Новойл\"",1,4,"Решетка ниж. стал.35Х23Н7СЛ ПБ20-9-2-2","ШТ",1,26608.09,26608.09,"450045, г. Уфа, ПАО АНК \"Башнефть\" \"Башнефть-Новойл\""]
["ЗИП к технологическим печам","ПАО АНК \"Башнефть\" \"Башнефть-Новойл\"",1,5,"Решетка сред. стал.35Х23Н7СЛ ПБ20-10-2","ШТ",2,49620.49,99240.98,"450045, г. Уфа, ПАО АНК \"Башнефть\" \"Башнефть-Новойл\""]
["ЗИП к технологическим печам","ПАО АНК \"Башнефть\" \"Башнефть-Новойл\"",1,6,"Решетка торц.лев.стал.35Х23Н7СЛ ПБ20-9-2","ШТ",1,6871.76,6871.76,"450045, г. Уфа, ПАО АНК \"Башнефть\" \"Башнефть-Новойл\""]
["ЗИП к технологическим печам","ПАО АНК \"Башнефть\" \"Башнефть-Новойл\"",1,7,"Решетка торц.пр. стал.35Х23Н7СЛ ПБ20-9-1","ШТ",1,6871.76,6871.76,"450045, г. Уфа, ПАО АНК \"Башнефть\" \"Башнефть-Новойл\""]
["ЗИП к технологическим печам","ПАО АНК \"Башнефть\" \"Башнефть-Новойл\"",1,8,"Решетка труб.11/7583/17N11Л","ШТ",3,16144.91,48434.729999999996,"450045, г. Уфа, ПАО АНК \"Башнефть\" \"Башнефть-Новойл\""]
["ЗИП к технологическим печам","ПАО АНК \"Башнефть\" \"Башнефть-Новойл\"",1,9,"Решетка труб.11/7583/25N10АЛ","ШТ",1,20378.490000000002,20378.490000000002,"450045, г. Уфа, ПАО АНК \"Башнефть\" \"Башнефть-Новойл\""]
["ЗИП к технологическим печам","ПАО АНК \"Башнефть\" \"Башнефть-Новойл\"",1,10,"Решетка труб.11/7583/25N10Л","ШТ",1,20305.54,20305.54,"450045, г. Уфа, ПАО АНК \"Башнефть\" \"Башнефть-Новойл\""]
["ЗИП к технологическим печам","ПАО АНК \"Башнефть\" \"Башнефть-Новойл\"",1,11,"Решетка труб.11/7583/25N9Л","ШТ",2,20378.490000000002,40756.980000000003,"450045, г. Уфа, ПАО АНК \"Башнефть\" \"Башнефть-Новойл\""]
["ЗИП к технологическим печам","ПАО АНК \"Башнефть\" \"Башнефть-Новойл\"",1,12,"Решетка труб.152Х275Х1091 эск.663","ШТ",3,5963.74,17891.22,"450045, г. Уфа, ПАО АНК \"Башнефть\" \"Башнефть-Новойл\""]
["ЗИП к технологическим печам","ПАО АНК \"Башнефть\" \"Башнефть-Новойл\"",1,13,"Решетка труб.35Х23Н7СЛ 11.8351.38","ШТ",1,5033.96,5033.96,"450045, г. Уфа, ПАО АНК \"Башнефть\" \"Башнефть-Новойл\""]
["ЗИП к технологическим печам","ПАО АНК \"Башнефть\" \"Башнефть-Новойл\"",1,14,"Решетка труб.35Х23Н7СЛ 11.8351.39","ШТ",1,4714.3500000000004,4714.3500000000004,"450045, г. Уфа, ПАО АНК \"Башнефть\" \"Башнефть-Новойл\""]
["ЗИП к технологическим печам","ПАО АНК \"Башнефть\" \"Башнефть-Новойл\"",1,15,"Решетка труб.35Х23Н7СЛ 11.8351.40","ШТ",1,4954.0600000000004,4954.0600000000004,"450045, г. Уфа, ПАО АНК \"Башнефть\" \"Башнефть-Новойл\""]
["ЗИП к технологическим печам","ПАО АНК \"Башнефть\" \"Башнефть-Новойл\"",1,16,"Решетка труб.35Х23Н7СЛ 11.8351.42","ШТ",1,4794.25,4794.25,"450045, г. Уфа, ПАО АНК \"Башнефть\" \"Башнефть-Новойл\""]
["ЗИП к технологическим печам","ПАО АНК \"Башнефть\" \"Башнефть-Новойл\"",1,17,"Решетка труб.35Х23Н7СЛ 11.8388.15","ШТ",1,44746.33,44746.33,"450045, г. Уфа, ПАО АНК \"Башнефть\" \"Башнефть-Новойл\""]
["Фильтры","ПАО АНК \"Башнефть\" \"Башнефть-Новойл\"",2,18,"Фильтр IS16FSS-150 12Х18Н9ТЛ","ШТ",2,277440.83,554881.66,"450045, г. Уфа, ПАО АНК \"Башнефть\" \"Башнефть-Новойл\""]
["Фильтры","ПАО АНК \"Башнефть\" \"Башнефть-Новойл\"",2,19,"Фильтр IS16FSS-200 12Х18Н9ТЛ","ШТ",2,345795.83,691591.66,"450045, г. Уфа, ПАО АНК \"Башнефть\" \"Башнефть-Новойл\""]
["Фильтры","ПАО АНК \"Башнефть\" \"Башнефть-Новойл\"",2,20,"Фильтр ОРК 2.10.00-02 Ду25","ШТ",1,6900.81,6900.81,"450045, г. Уфа, ПАО АНК \"Башнефть\" \"Башнефть-Новойл\""]
["Фильтры","ПАО АНК \"Башнефть\" \"Башнефть-Новойл\"",2,21,"Фильтр ОРК 2.10.00-02 Ду25","ШТ",1,4274.05,4274.05,"450045, г. Уфа, ПАО АНК \"Башнефть\" \"Башнефть-Новойл\""]
["Фильтры","ПАО АНК \"Башнефть\" \"Башнефть-Новойл\"",2,22,"Фильтр ОРК 2.10.00-02 Ду25","ШТ",1,2174.5300000000002,2174.5300000000002,"450045, г. Уфа, ПАО АНК \"Башнефть\" \"Башнефть-Новойл\""]
["Фильтры","ПАО АНК \"Башнефть\" \"Башнефть-Новойл\"",2,23,"Фильтр ОРК 2.20.00-02 Ду50","ШТ",2,17212.400000000001,34424.800000000003,"450045, г. Уфа, ПАО АНК \"Башнефть\" \"Башнефть-Новойл\""]
["Фильтры","ПАО АНК \"Башнефть\" \"Башнефть-Новойл\"",2,24,"Фильтр ОРК 2.20.00-02 Ду50","ШТ",2,11753.63,23507.26,"450045, г. Уфа, ПАО АНК \"Башнефть\" \"Башнефть-Новойл\""]
["Фильтры","ПАО АНК \"Башнефть\" \"Башнефть-Новойл\"",2,25,"Фильтр ОРК 3.10.00-01 Ду108","ШТ",1,22929.71,22929.71,"450045, г. Уфа, ПАО АНК \"Башнефть\" \"Башнефть-Новойл\""]
["Фильтры","ПАО АНК \"Башнефть\" \"Башнефть-Новойл\"",2,26,"Фильтр сет. ФС-IХ-150-1.6-0.8У 12Х18Н10Т","ШТ",2,40502.33,81004.66,"450045, г. Уфа, ПАО АНК \"Башнефть\" \"Башнефть-Новойл\""]
["Фильтры","ПАО АНК \"Башнефть\" \"Башнефть-Новойл\"",2,27,"Фильтр сет. ФС-IХ-250-1.6-0.8У 12Х18Н10Т","ШТ",2,120200.46,240400.92,"450045, г. Уфа, ПАО АНК \"Башнефть\" \"Башнефть-Новойл\""]
["Фильтры","ПАО АНК \"Башнефть\" \"Башнефть-Новойл\"",2,28,"Фильтр сетч. ФС 150 С 16-0.2УХЛ1","ШТ",1,12043.39,12043.39,"450045, г. Уфа, ПАО АНК \"Башнефть\" \"Башнефть-Новойл\""]
["Фильтры","ПАО АНК \"Башнефть\" \"Башнефть-Новойл\"",2,29,"Фильтр сетч. ФС 150 С 16-0.5У","ШТ",1,51847.41,51847.41,"450045, г. Уфа, ПАО АНК \"Башнефть\" \"Башнефть-Новойл\""]
["Фильтры","ПАО АНК \"Башнефть\" \"Башнефть-Новойл\"",2,30,"Фильтр сетч. ФС 25 С 16-0.2У","ШТ",7,3387.2,23710.399999999998,"450045, г. Уфа, ПАО АНК \"Башнефть\" \"Башнефть-Новойл\""]
["Фильтры","ПАО АНК \"Башнефть\" \"Башнефть-Новойл\"",2,31,"Фильтр сетч. ФС 25 С 16-0.8У","ШТ",2,9231.94,18463.88,"450045, г. Уфа, ПАО АНК \"Башнефть\" \"Башнефть-Новойл\""]
["Фильтры","ПАО АНК \"Башнефть\" \"Башнефть-Новойл\"",2,32,"Фильтр сетч. ФС 50 С 63-0.2У Ст.25Л","ШТ",2,22599.03,45198.06,"450045, г. Уфа, ПАО АНК \"Башнефть\" \"Башнефть-Новойл\""]
["Фильтры","ПАО АНК \"Башнефть\" \"Башнефть-Новойл\"",2,33,"Фильтр сетч. ФС 50 С 63-0.2У Ст.25Л","ШТ",1,22428.39,22428.39,"450045, г. Уфа, ПАО АНК \"Башнефть\" \"Башнефть-Новойл\""]
["Фильтры","ПАО АНК \"Башнефть\" \"Башнефть-Новойл\"",2,34,"Фильтр сетч. ФС 50 С 63-1.6У","ШТ",2,22599.03,45198.06,"450045, г. Уфа, ПАО АНК \"Башнефть\" \"Башнефть-Новойл\""]
["Фильтры","ПАО АНК \"Башнефть\" \"Башнефть-Новойл\"",2,35,"Фильтр сетч. ФС 80 С 16-0.2У","ШТ",1,8258.33,8258.33,"450045, г. Уфа, ПАО АНК \"Башнефть\" \"Башнефть-Новойл\""]
["Фильтры","ПАО АНК \"Башнефть\" \"Башнефть-Новойл\"",2,36,"Фильтр сетч. ФС-II-150-2.5-D08-А Ст20","ШТ",1,12068.44,12068.44,"450045, г. Уфа, ПАО АНК \"Башнефть\" \"Башнефть-Новойл\""]
["Фильтры","ПАО АНК \"Башнефть\" \"Башнефть-Новойл\"",2,37,"Фильтр сетч. ФС-II-150-2.5Б Ст.20","ШТ",1,40426.33,40426.33,"450045, г. Уфа, ПАО АНК \"Башнефть\" \"Башнефть-Новойл\""]
["Фильтры","ПАО АНК \"Башнефть\" \"Башнефть-Новойл\"",2,38,"Фильтр сетч. ФС-III-150-2.5 Ст.20","ШТ",1,24042.35,24042.35,"450045, г. Уфа, ПАО АНК \"Башнефть\" \"Башнефть-Новойл\""]
["Фильтры","ПАО АНК \"Башнефть\" \"Башнефть-Новойл\"",2,39,"Фильтр сетч. ФС-III-25-2.5 Ст20","ШТ",1,10790.45,10790.45,"450045, г. Уфа, ПАО АНК \"Башнефть\" \"Башнефть-Новойл\""]
["Фильтры","ПАО АНК \"Башнефть\" \"Башнефть-Новойл\"",2,40,"Фильтр сетч. ФС-III-50-2.5 Ст.20","ШТ",2,10424.98,20849.96,"450045, г. Уфа, ПАО АНК \"Башнефть\" \"Башнефть-Новойл\""]
["Фильтры","ПАО АНК \"Башнефть\" \"Башнефть-Новойл\"",2,41,"Фильтр сетчатый ФС-III-200-2,5 Д 08","ШТ",2,30693.52,61387.040000000001,"450045, г. Уфа, ПАО АНК \"Башнефть\" \"Башнефть-Новойл\""]
["Емкостное оборудование","ПАО АНК \"Башнефть\" \"Башнефть-Новойл\"",3,42,"Аппарат емкостный ГЭЭ1-1-25-1 исп.2","ШТ",1,17920.060000000001,17920.060000000001,"450045, г. Уфа, ПАО АНК \"Башнефть\" \"Башнефть-Новойл\""]
["Емкостное оборудование","ПАО АНК \"Башнефть\" \"Башнефть-Новойл\"",3,43,"Сепаратор ГС 2-5,2-3000-1-И-Т","ШТ",1,6542709.7000000002,6542709.7000000002,"450045, г. Уфа, ПАО АНК \"Башнефть\" \"Башнефть-Новойл\""]
["Емкостное оборудование","ПАО АНК \"Башнефть\" \"Башнефть-Новойл\"",3,44,"Ресивер ч.4666","ШТ",2,31242.9,62485.8,"450045, г. Уфа, ПАО АНК \"Башнефть\" \"Башнефть-Новойл\""]
["ЗИП к обрудованию","ПАО АНК \"Башнефть\" \"Башнефть-Новойл\"",4,45,"Костыль путевой 16х16х165 ГОСТ 5812","ШТ",1609,12.13,19517.170000000002,"450045, г. Уфа, ПАО АНК \"Башнефть\" \"Башнефть-Новойл\""]
["ЗИП к обрудованию","ПАО АНК \"Башнефть\" \"Башнефть-Новойл\"",4,46,"Электронагр.Emart 75x145 220/240V 800W","ШТ",2,5566.18,11132.36,"450045, г. Уфа, ПАО АНК \"Башнефть\" \"Башнефть-Новойл\""]
["ЗИП к обрудованию","ПАО АНК \"Башнефть\" \"Башнефть-Новойл\"",4,47,"Электронагреватель GIMAC 450W 240V OG","ШТ",2,5997.81,11995.62,"450045, г. Уфа, ПАО АНК \"Башнефть\" \"Башнефть-Новойл\""]
["ЗИП к обрудованию","ПАО АНК \"Башнефть\" \"Башнефть-Новойл\"",4,48,"Вал ведомый (Ч 9.163.02)","ШТ",2,4481.92,8963.84,"450045, г. Уфа, ПАО АНК \"Башнефть\" \"Башнефть-Новойл\""]
["ЗИП к обрудованию","ПАО АНК \"Башнефть\" \"Башнефть-Новойл\"",4,49,"Вал ведущий (Ч 9.163.01)","ШТ",2,5477.9,10955.8,"450045, г. Уфа, ПАО АНК \"Башнефть\" \"Башнефть-Новойл\""]
["ЗИП к обрудованию","ПАО АНК \"Башнефть\" \"Башнефть-Новойл\"",4,50,"Вал ст40Х","ШТ",2,4399.09,8798.18,"450045, г. Уфа, ПАО АНК \"Башнефть\" \"Башнефть-Новойл\""]
["ЗИП к обрудованию","ПАО АНК \"Башнефть\" \"Башнефть-Новойл\"",4,51,"Воронка Ду80 Ст20 ч.М-08-15","ШТ",2,763.14,1526.28,"450045, г. Уфа, ПАО АНК \"Башнефть\" \"Башнефть-Новойл\""]
["ЗИП к обрудованию","ПАО АНК \"Башнефть\" \"Башнефть-Новойл\"",4,52,"Втулка ст20","ШТ",1,1010.93,1010.93,"450045, г. Уфа, ПАО АНК \"Башнефть\" \"Башнефть-Новойл\""]
["ЗИП к обрудованию","ПАО АНК \"Башнефть\" \"Башнефть-Новойл\"",4,53,"Втулка центровочная OMMP поз. 66","ШТ",4,4853.95,19415.8,"450045, г. Уфа, ПАО АНК \"Башнефть\" \"Башнефть-Новойл\""]
["ЗИП к обрудованию","ПАО АНК \"Башнефть\" \"Башнефть-Новойл\"",4,54,"Грязевик ТС-569.00.000-11","ШТ",2,3900.4,7800.8,"450045, г. Уфа, ПАО АНК \"Башнефть\" \"Башнефть-Новойл\""]
["ЗИП к обрудованию","ПАО АНК \"Башнефть\" \"Башнефть-Новойл\"",4,55,"Днище","ШТ",4,1848.84,7395.36,"450045, г. Уфа, ПАО АНК \"Башнефть\" \"Башнефть-Новойл\""]
["ЗИП к обрудованию","ПАО АНК \"Башнефть\" \"Башнефть-Новойл\"",4,56,"Клапан КДМ-50М УХЛ","КМП",1,8358.89,8358.89,"450045, г. Уфа, ПАО АНК \"Башнефть\" \"Башнефть-Новойл\""]
["ЗИП к обрудованию","ПАО АНК \"Башнефть\" \"Башнефть-Новойл\"",4,57,"Клапан соленоид. Herion 8020700.0247","ШТ",3,4365.4799999999996,13096.439999999999,"450045, г. Уфа, ПАО АНК \"Башнефть\" \"Башнефть-Новойл\""]
["ЗИП к обрудованию","ПАО АНК \"Башнефть\" \"Башнефть-Новойл\"",4,58,"Колесо раб. ГАЦ15-4","ШТ",2,15691.4,31382.799999999999,"450045, г. Уфа, ПАО АНК \"Башнефть\" \"Башнефть-Новойл\""]
["ЗИП к обрудованию","ПАО АНК \"Башнефть\" \"Башнефть-Новойл\"",4,59,"Кольцо Г6308-71.0004","ШТ",2,491.27,982.54,"450045, г. Уфа, ПАО АНК \"Башнефть\" \"Башнефть-Новойл\""]
["ЗИП к обрудованию","ПАО АНК \"Башнефть\" \"Башнефть-Новойл\"",4,60,"Кольцо регулировочное Ст20","ШТ",10,176.4,1764,"450045, г. Уфа, ПАО АНК \"Башнефть\" \"Башнефть-Новойл\""]
["ЗИП к обрудованию","ПАО АНК \"Башнефть\" \"Башнефть-Новойл\"",4,61,"Кольцо уплотнительное ДЮА10081-24","ШТ",24,86.19,2068.56,"450045, г. Уфа, ПАО АНК \"Башнефть\" \"Башнефть-Новойл\""]
["ЗИП к обрудованию","ПАО АНК \"Башнефть\" \"Башнефть-Новойл\"",4,62,"Компенсат. КМА 0700_1308192.1 Д700 Р0.02","ШТ",2,167523.47,335046.94,"450045, г. Уфа, ПАО АНК \"Башнефть\" \"Башнефть-Новойл\""]
["ЗИП к обрудованию","ПАО АНК \"Башнефть\" \"Башнефть-Новойл\"",4,63,"Костыль путевой 16х16х165 ГОСТ 5812","ШТ",340.97399999999999,12.13,4136.0146199999999,"450045, г. Уфа, ПАО АНК \"Башнефть\" \"Башнефть-Новойл\""]
["ЗИП к обрудованию","ПАО АНК \"Башнефть\" \"Башнефть-Новойл\"",4,64,"Лента направ. FB4x35х766,55-HGW Scherzer","ШТ",8,17680.79,141446.32,"450045, г. Уфа, ПАО АНК \"Башнефть\" \"Башнефть-Новойл\""]
["ЗИП к обрудованию","ПАО АНК \"Башнефть\" \"Башнефть-Новойл\"",4,65,"Лента направ. ZTP-2,5-35-856-BR Scherzer","ШТ",4,3113.93,{"$f":"G69*H69","v":12455.72},"450045, г. Уфа, ПАО АНК \"Башнефть\" \"Башнефть-Новойл\""]
["ЗИП к обрудованию","ПАО АНК \"Башнефть\" \"Башнефть-Новойл\"",4,66,"Люк для тр. Ду1000 Ду600 17Г1С","ШТ",1,19589.39,19589.39,"450045, г. Уфа, ПАО АНК \"Башнефть\" \"Башнефть-Новойл\""]
["ЗИП к обрудованию","ПАО АНК \"Башнефть\" \"Башнефть-Новойл\"",4,67,"Люк для тр. Ду1400 Ду600 17Г1С","ШТ",1,18698.96,18698.96,"450045, г. Уфа, ПАО АНК \"Башнефть\" \"Башнефть-Новойл\""]
["ЗИП к обрудованию","ПАО АНК \"Башнефть\" \"Башнефть-Новойл\"",4,68,"Обечайка колп.рас.камер. экс.70000009518","ШТ",1,107741.65,107741.65,"450045, г. Уфа, ПАО АНК \"Башнефть\" \"Башнефть-Новойл\""]
["ЗИП к обрудованию","ПАО АНК \"Башнефть\" \"Башнефть-Новойл\"",4,69,"Пластина 1000х80х30 20Х23Н18 эск.610","ШТ",16,8623.84,137981.44,"450045, г. Уфа, ПАО АНК \"Башнефть\" \"Башнефть-Новойл\""]
["ЗИП к обрудованию","ПАО АНК \"Башнефть\" \"Башнефть-Новойл\"",4,70,"Пробоотборник секционный ПСР-12","ШТ",2,60764.33,121528.66,"450045, г. Уфа, ПАО АНК \"Башнефть\" \"Башнефть-Новойл\""]
["ЗИП к обрудованию","ПАО АНК \"Башнефть\" \"Башнефть-Новойл\"",4,71,"Прокладка ДЮА10159-226","ШТ",2,259.83999999999997,519.67999999999995,"450045, г. Уфа, ПАО АНК \"Башнефть\" \"Башнефть-Новойл\""]
["ЗИП к обрудованию","ПАО АНК \"Башнефть\" \"Башнефть-Новойл\"",4,72,"Прокладка ДЮА10159-226","ШТ",24,64.64,1551.3600000000001,"450045, г. Уфа, ПАО АНК \"Башнефть\" \"Башнефть-Новойл\""]
["ЗИП к обрудованию","ПАО АНК \"Башнефть\" \"Башнефть-Новойл\"",4,73,"Пружина А51233-38","ШТ",32,387.85,12411.2,"450045, г. Уфа, ПАО АНК \"Башнефть\" \"Башнефть-Новойл\""]
["ЗИП к обрудованию","ПАО АНК \"Башнефть\" \"Башнефть-Новойл\"",4,74,"Пружина нажимная OMMP поз.79","ШТ",3,1645.67,4937.01,"450045, г. Уфа, ПАО АНК \"Башнефть\" \"Башнефть-Новойл\""]
["ЗИП к обрудованию","ПАО АНК \"Башнефть\" \"Башнефть-Новойл\"",4,75,"Ремень прив.клин. D-7100 IIкл. ГОСТ 1284","ШТ",1,617.52,617.52,"450045, г. Уфа, ПАО АНК \"Башнефть\" \"Башнефть-Новойл\""]
["ЗИП к обрудованию","ПАО АНК \"Башнефть\" \"Башнефть-Новойл\"",4,76,"Ремень прив.клин. А-1600 IIкл. ГОСТ 1284","ШТ",15,45.34,680.1,"450045, г. Уфа, ПАО АНК \"Башнефть\" \"Башнефть-Новойл\""]
["ЗИП к обрудованию","ПАО АНК \"Башнефть\" \"Башнефть-Новойл\"",4,77,"Ремень приводной С(В)-4500","ШТ",278,219.96,61148.880000000005,"450045, г. Уфа, ПАО АНК \"Башнефть\" \"Башнефть-Новойл\""]
["ЗИП к обрудованию","ПАО АНК \"Башнефть\" \"Башнефть-Новойл\"",4,78,"Ремень приводной С(В)-5600","ШТ",120,273.5,32820,"450045, г. Уфа, ПАО АНК \"Башнефть\" \"Башнефть-Новойл\""]
["ЗИП к обрудованию","ПАО АНК \"Башнефть\" \"Башнефть-Новойл\"",4,79,"Стержень поз.22","ШТ",1,26824.33,26824.33,"450045, г. Уфа, ПАО АНК \"Башнефть\" \"Башнефть-Новойл\""]
["ЗИП к обрудованию","ПАО АНК \"Башнефть\" \"Башнефть-Новойл\"",4,80,"Стержень поз.22","ШТ",5,25338.7,126693.5,"450045, г. Уфа, ПАО АНК \"Башнефть\" \"Башнефть-Новойл\""]
["ЗИП к обрудованию","ПАО АНК \"Башнефть\" \"Башнефть-Новойл\"",4,81,"Ступица чугун РПН2х30 эск.450","ШТ",3,4576.97,13730.91,"450045, г. Уфа, ПАО АНК \"Башнефть\" \"Башнефть-Новойл\""]
["ЗИП к обрудованию","ПАО АНК \"Башнефть\" \"Башнефть-Новойл\"",4,82,"Трубка GLR3-33R-S1S4, д.33х1070мм","ШТ",3,37819.31,113457.93,"450045, г. Уфа, ПАО АНК \"Башнефть\" \"Башнефть-Новойл\""]
["ЗИП к обрудованию","ПАО АНК \"Башнефть\" \"Башнефть-Новойл\"",4,83,"Узел присоединения к ПУ","ШТ",8,173.81,1390.48,"450045, г. Уфа, ПАО АНК \"Башнефть\" \"Башнефть-Новойл\""]
["ЗИП к обрудованию","ПАО АНК \"Башнефть\" \"Башнефть-Новойл\"",4,84,"Фиксатор OMMP поз.29","ШТ",2,27595.43,55190.86,"450045, г. Уфа, ПАО АНК \"Башнефть\" \"Башнефть-Новойл\""]
["ЗИП к обрудованию","ПАО АНК \"Башнефть\" \"Башнефть-Новойл\"",4,85,"Фиксатор OMMP поз.29","ШТ",1,28963.69,28963.69,"450045, г. Уфа, ПАО АНК \"Башнефть\" \"Башнефть-Новойл\""]
["ЗИП к обрудованию","ПАО АНК \"Башнефть\" \"Башнефть-Новойл\"",4,86,"Фланец ТС569.01.008-08","ШТ",2,166.16,332.32,"450045, г. Уфа, ПАО АНК \"Башнефть\" \"Башнефть-Новойл\""]
["ЗИП к обрудованию","ПАО АНК \"Башнефть\" \"Башнефть-Новойл\"",4,87,"Шарнир чугунный ШЧ-150-У","ШТ",1,19574,19574,"450045, г. Уфа, ПАО АНК \"Башнефть\" \"Башнефть-Новойл\""]
["ЗИП к обрудованию","ПАО АНК \"Башнефть\" \"Башнефть-Новойл\"",4,88,"Шкив SKF PHP 4SPB170TB","ШТ",5,1293.1600000000001,6465.8,"450045, г. Уфа, ПАО АНК \"Башнефть\" \"Башнефть-Новойл\""]
["ЗИП к обрудованию","ПАО АНК \"Башнефть\" \"Башнефть-Новойл\"",4,89,"Фланец ТС569.01.008-08","ШТ",2,166.16,332.32,"450045, г. Уфа, ПАО АНК \"Башнефть\" \"Башнефть-Новойл\""]
["ОборудГрузоподъм.ЗИП","ПАО АНК \"Башнефть\" \"Башнефть-Новойл\"",5,90,"Звездочка Z=42 2-9286В к Д20-861","ШТ",1,2573.92,2573.92,"450045, г. Уфа, ПАО АНК \"Башнефть\" \"Башнефть-Новойл\""]
["ОборудГрузоподъм.ЗИП","ПАО АНК \"Башнефть\" \"Башнефть-Новойл\"",5,91,"Нефтецепь приводная 2ПР-44,45-344","ПМ",10,576.97,5769.7000000000007,"450045, г. Уфа, ПАО АНК \"Башнефть\" \"Башнефть-Новойл\""]
["ОборудГрузоподъм.ЗИП","ПАО АНК \"Башнефть\" \"Башнефть-Новойл\"",5,92,"Звездочка Z=42 2-9270В к Д20-861","ШТ",1,2634.19,2634.19,"450045, г. Уфа, ПАО АНК \"Башнефть\" \"Башнефть-Новойл\""]
["ОборудГрузоподъм.ЗИП","ПАО АНК \"Башнефть\" \"Башнефть-Новойл\"",5,93,"Звездочка Z=42 2-9286В к Д20-861","ШТ",1,2573.92,2573.92,"450045, г. Уфа, ПАО АНК \"Башнефть\" \"Башнефть-Новойл\""]
["ОборудГрузоподъм.ЗИП","ПАО АНК \"Башнефть\" \"Башнефть-Новойл\"",5,94,"Канат 16,5-Г-1-Н-1770","М",34,60.48,2056.3199999999997,"450045, г. Уфа, ПАО АНК \"Башнефть\" \"Башнефть-Новойл\""]
["ОборудГрузоподъм.ЗИП","ПАО АНК \"Башнефть\" \"Башнефть-Новойл\"",5,95,"Канат 16,5-Г-1-Н-1770","М",56,55.86,3128.16,"450045, г. Уфа, ПАО АНК \"Башнефть\" \"Башнефть-Новойл\""]
["ОборудГрузоподъм.ЗИП","ПАО АНК \"Башнефть\" \"Башнефть-Новойл\"",5,96,"Канат ОС-18-Г-В-Н-Т-Р-1770","М",200,67.2,13440,"450045, г. Уфа, ПАО АНК \"Башнефть\" \"Башнефть-Новойл\""]
["ОборудГрузоподъм.ЗИП","ПАО АНК \"Башнефть\" \"Башнефть-Новойл\"",5,97,"Коуш D=4мм DIN 6899","ШТ",34,0.44,14.96,"450045, г. Уфа, ПАО АНК \"Башнефть\" \"Башнефть-Новойл\""]
["ОборудГрузоподъм.ЗИП","ПАО АНК \"Башнефть\" \"Башнефть-Новойл\"",5,98,"Кошка Б г/п 1т H=3","ШТ",1,5413.1,5413.1,"450045, г. Уфа, ПАО АНК \"Башнефть\" \"Башнефть-Новойл\""]
["ОборудГрузоподъм.ЗИП","ПАО АНК \"Башнефть\" \"Башнефть-Новойл\"",5,99,"Нефтецепь приводная 2ПР-44,45-344","ПМ",9.9139999999999997,576.97,5720.0805799999998,"450045, г. Уфа, ПАО АНК \"Башнефть\" \"Башнефть-Новойл\""]
["ОборудГрузоподъм.ЗИП","ПАО АНК \"Башнефть\" \"Башнефть-Новойл\"",5,100,"Опора роликовая ЭКО(003) 7000714","ШТ",2,3749.9,7499.8,"450045, г. Уфа, ПАО АНК \"Башнефть\" \"Башнефть-Новойл\""]
["ОборудГрузоподъм.ЗИП","ПАО АНК \"Башнефть\" \"Башнефть-Новойл\"",5,101,"Платформа г/п 5т УDГ285.00.00.000.ТП","ШТ",1,395020.39,395020.39,"450045, г. Уфа, ПАО АНК \"Башнефть\" \"Башнефть-Новойл\""]
["ОборудГрузоподъм.ЗИП","ПАО АНК \"Башнефть\" \"Башнефть-Новойл\"",5,102,"Таль ТРЧПД г/п 8т H=3м ВБИ","ШТ",2,112166.81,224333.62,"450045, г. Уфа, ПАО АНК \"Башнефть\" \"Башнефть-Новойл\""]
["ОборудГрузоподъм.ЗИП","ПАО АНК \"Башнефть\" \"Башнефть-Новойл\"",5,103,"Таль цепная 4.320 20т Zhejiang","ШТ",2,24989.78,49979.56,"450045, г. Уфа, ПАО АНК \"Башнефть\" \"Башнефть-Новойл\""]
["Теплообменное оборудование","ПАО АНК \"Башнефть\" \"Башнефть-Новойл\"",6,104,"Конденсатор 70000029788","ШТ",1,1506498.63,1506498.63,"450045, г. Уфа, ПАО АНК \"Башнефть\" \"Башнефть-Новойл\""]
["Теплообменное оборудование","ПАО АНК \"Башнефть\" \"Башнефть-Новойл\"",6,105,"Секция погруж. холодильника Луммус М13","ШТ",2,477553.35,955106.7,"450045, г. Уфа, ПАО АНК \"Башнефть\" \"Башнефть-Новойл\""]
["Прочее оборудование","ПАО АНК \"Башнефть\" \"Башнефть-Новойл\"",7,106,"Горелка ПГ-50М эл.розжиг. контр.пламени","ШТ",8,138369.44,1106955.52,"450045, г. Уфа, ПАО АНК \"Башнефть\" \"Башнефть-Новойл\""]
["Прочее оборудование","ПАО АНК \"Башнефть\" \"Башнефть-Новойл\"",7,107,"Кольцо Г6308-71.0004","ШТ",14,491.27,6877.78,"450045, г. Уфа, ПАО АНК \"Башнефть\" \"Башнефть-Новойл\""]
["Прочее оборудование","ПАО АНК \"Башнефть\" \"Башнефть-Новойл\"",7,108,"Опора решетки 11/7583/17N12Л","ШТ",3,7264.08,21792.239999999998,"450045, г. Уфа, ПАО АНК \"Башнефть\" \"Башнефть-Новойл\""]
["Прочее оборудование","ПАО АНК \"Башнефть\" \"Башнефть-Новойл\"",7,109,"Опора решетки 11/7583/17N13Л","ШТ",3,7456.31,22368.93,"450045, г. Уфа, ПАО АНК \"Башнефть\" \"Башнефть-Новойл\""]
["Прочее оборудование","ПАО АНК \"Башнефть\" \"Башнефть-Новойл\"",7,110,"Компенсатор КЛО ч.1-1-90-125","ШТ",3,25515.77,76547.31,"450045, г. Уфа, ПАО АНК \"Башнефть\" \"Башнефть-Новойл\""]
["Прочее оборудование","ПАО АНК \"Башнефть\" \"Башнефть-Новойл\"",7,111,"Смеситель 05766528-У6.0520-516/1.2-СБ","ШТ",1,230921.99,230921.99,"450045, г. Уфа, ПАО АНК \"Башнефть\" \"Башнефть-Новойл\""]
["Прочее оборудование","ПАО АНК \"Башнефть\" \"Башнефть-Новойл\"",7,112,"Агрегат 1НК65/35-70 Г2б СРОУ2, ВА180S2","ШТ",1,434809.01,{"$f":"G116*H116","v":434809.01},"450045, г. Уфа, ПАО АНК \"Башнефть\" \"Башнефть-Новойл\""]

{"sheet":"Лист1","index":1,"n_rows":0,"n_cols":0,"rows_kept":0,"cut":false,"hidden":false,"merged":[]}